[Event "XIII C.to Italiano U20"]
[Site "Bratto - Castione della Presolana ITA"]
[Date "2005.08.22"]
[Round "3"]
[White "Finocchiaro, Gianluca"]
[Black "Piccirillo, Edoardo"]
[Result "0-1"]
[WhiteElo "1730"]
[BlackElo "1653"]
[PlyCount "134"]
[EventDate "2005.08.20"]

1.e4 c6 2.d4 d5 3.exd5 cxd5 4.Bf4 Nf6 5.Bd3 Nc6 6.c3 g6 7.Nf3 Bg7 8.Nbd2 
O-O 9.O-O Nh5 10.Bg5 h6 11.Bh4 Nf4 12.Nb3 Nxd3 13.Qxd3 Bf5 14.Qb5 Rb8 15.
Bg3 a6 16.Qe2 Ra8 17.Nc5 b5 18.Ne5 Nxe5 19.Bxe5 Bxe5 20.Qxe5 Qd6 21.Rfe1 
Qxe5 22.Rxe5 e6 23.h3 g5 24.a4 Kg7 25.Ree1 Rfb8 26.b4 a5 27.Nd7 Rb7 28.Nc5
Rbb8 29.Nd7 Rd8 30.Nc5 axb4 31.cxb4 bxa4 32.g4 Be4 33.Nxa4 Rab8 34.Nc5 
Rxb4 35.Ra7 Kg8 36.Nxe4 dxe4 37.Rxe4 Rbxd4 38.Re2 R8d7 39.Ra8+ Kg7 40.Rb2 
h5 41.Rb5 R7d5 42.Rxd5 Rxd5 43.gxh5 Rd4 44.Ra5 Kf6 45.Ra3 Rh4 46.Rf3+ Kg7 
47.Kg2 Rxh5 48.Kg3 f5 49.Rb3 Kf6 50.Rb6 f4+ 51.Kg4 Rh4+ 52.Kf3 Rxh3+ 53.
Kg2 g4 54.Rb4 f3+ 55.Kg1 Kf5 56.Rb1 e5 57.Rb5 Kf4 58.Rb8 Rh5 59.Rb3 e4 60.
Rb4 Rd5 61.Kh2 Rd2 62.Kg1 Rd1+ 63.Kh2 Rf1 64.Rb2 Rxf2+ 65.Rxf2 g3+ 66.Kg1 
gxf2+ 67.Kxf2 e3+ 0-1

[Event "XIII C.to Italiano U20"]
[Site "Bratto - Castione della Presolana ITA"]
[Date "2005.08.22"]
[Round "3"]
[White "Frilli, Guido"]
[Black "Bosi, Clint"]
[Result "1-0"]
[WhiteElo "2120"]
[BlackElo "2025"]
[PlyCount "35"]
[EventDate "2005.08.20"]

1.e4 g6 2.d4 Bg7 3.Nc3 d6 4.Be3 Nf6 5.h3 O-O 6.Nge2 e5 7.g4 exd4 8.Nxd4 d5
9.e5 Ne4 10.Nxe4 dxe4 11.e6 f5 12.Bc4 Kh8 13.gxf5 gxf5 14.Nxf5 Nc6 15.Qxd8
Rxd8 16.Nxg7 Kxg7 17.Rg1+ Kh8 18.Bg5 1-0

[Event "XIII C.to Italiano U20"]
[Site "Bratto - Castione della Presolana ITA"]
[Date "2005.08.22"]
[Round "3"]
[White "Gallucci, Alessio"]
[Black "Mora, Lorenzo"]
[Result "1-0"]
[WhiteElo "1656"]
[BlackElo "1820"]
[PlyCount "67"]
[EventDate "2005.08.20"]

1.c4 Nf6 2.d4 g6 3.Nc3 Bg7 4.e4 d6 5.Be3 O-O 6.f3 Nbd7 7.Nh3 c5 8.d5 Ne5 
9.Nf2 a6 10.a4 Ne8 11.Qd2 e6 12.Bh6 exd5 13.cxd5 Rb8 14.a5 b5 15.Bxg7 Kxg7
16.h4 b4 17.Ncd1 Nc7 18.h5 Qf6 19.hxg6 Qxg6 20.f4 Re8 21.fxe5 Rxe5 22.Ne3 
f5 23.O-O-O fxe4 24.Be2 Nb5 25.Nfg4 Bxg4 26.Nxg4 Rg5 27.Rh6 Qf5 28.Rdh1 
Rh8 29.Rf6 Qxd5 30.Rhf1 Rg8 31.Nh6 Nd4 32.Kb1 Rxg2 33.Nxg8 Kxg8 34.Qh6 1-0

[Event "XIII C.to Italiano U20"]
[Site "Bratto - Castione della Presolana ITA"]
[Date "2005.08.22"]
[Round "3"]
[White "Gatterer, Matthias"]
[Black "Ravagnati, Marco"]
[Result "1-0"]
[WhiteElo "1917"]
[BlackElo "1658"]
[PlyCount "83"]
[EventDate "2005.08.20"]

1.d4 Nf6 2.Nf3 g6 3.c4 Bg7 4.Nc3 d6 5.e4 O-O 6.Be2 e5 7.O-O a5 8.d5 Na6 9.
Ne1 Nc5 10.Qc2 Nfd7 11.Be3 f5 12.f3 f4 13.Bf2 g5 14.Nd3 Nxd3 15.Qxd3 Nf6 
16.c5 h5 17.cxd6 cxd6 18.Na4 g4 19.Kh1 Nh7 20.Nb6 Rb8 21.Nxc8 Qxc8 22.Rac1
Qd7 23.Qb5 Qxb5 24.Bxb5 gxf3 25.gxf3 Rbc8 26.Bb6 Ng5 27.Kg2 h4 28.Bd7 Rxc1
29.Rxc1 Bf6 30.Rc8 h3+ 31.Bxh3 Nxh3 32.Rxf8+ Kxf8 33.Kxh3 a4 34.Kg4 Kf7 
35.Bc7 Be7 36.Kf5 b5 37.b3 axb3 38.axb3 Bf8 39.h4 Be7 40.h5 Bf8 41.h6 Bxh6
42.Bxd6 1-0

[Event "XIII C.to Italiano U20"]
[Site "Bratto - Castione della Presolana ITA"]
[Date "2005.08.22"]
[Round "3"]
[White "Lapiccirella, Daniele"]
[Black "Pulito, Alberto"]
[Result "1/2-1/2"]
[WhiteElo "2120"]
[BlackElo "2212"]
[PlyCount "28"]
[EventDate "2005.08.20"]

1.d4 d5 2.c4 c6 3.Nf3 Nf6 4.e3 a6 5.Nbd2 b5 6.b3 Bg4 7.Qc2 Nbd7 8.Bd3 e6 
9.O-O Bd6 10.cxd5 cxd5 11.Qc6 Qb8 12.Bb2 O-O 13.Rac1 e5 14.Nxe5 Nxe5 
1/2-1/2

[Event "XIII C.to Italiano U20"]
[Site "Bratto - Castione della Presolana ITA"]
[Date "2005.08.22"]
[Round "3"]
[White "Lettieri, Giuseppe"]
[Black "Massironi, Marco"]
[Result "1-0"]
[WhiteElo "2251"]
[BlackElo "2122"]
[PlyCount "47"]
[EventDate "2005.08.20"]

1.e4 c5 2.Nf3 d6 3.Bb5+ Bd7 4.Bxd7+ Qxd7 5.O-O Nc6 6.c3 Nf6 7.Re1 g6 8.d4 
e5 9.Na3 Bg7 10.Bg5 Rd8 11.Nc4 exd4 12.e5 dxe5 13.Ncxe5 Nxe5 14.Nxe5 Qd5 
15.Bxf6 Bxf6 16.Ng4+ Kf8 17.Nxf6 Qc6 18.Qf3 Qxf3 19.gxf3 Kg7 20.Ne4 d3 21.
Nxc5 Rd5 22.Nb3 d2 23.Red1 Rhd8 24.Nd4 1-0

[Event "XIII C.to Italiano U20"]
[Site "Bratto - Castione della Presolana ITA"]
[Date "2005.08.22"]
[Round "3"]
[White "Napoli, Nicolo'"]
[Black "Pomaro, Alberto"]
[Result "1-0"]
[WhiteElo "2225"]
[BlackElo "1943"]
[PlyCount "87"]
[EventDate "2005.08.20"]

1.e4 e6 2.Qe2 c5 3.g3 Nc6 4.Bg2 d6 5.Nf3 Nf6 6.O-O Be7 7.c3 O-O 8.d4 d5 9.
e5 Nd7 10.h4 Re8 11.Rd1 cxd4 12.cxd4 Nf8 13.Nbd2 f6 14.Nf1 fxe5 15.Nxe5 
Nxe5 16.dxe5 Bd7 17.Qg4 Ng6 18.Re1 Bc5 19.b4 Bb6 20.h5 Ne7 21.Bg5 Rf8 22.
Re2 Qe8 23.Nh2 Rc8 24.Bf6 Nf5 25.h6 Rc4 26.Qg5 g6 27.Bh3 Nd4 28.Rb2 Nc2 
29.Rc1 Ba4 30.Bf1 Rc8 31.Bd3 Bd4 32.Rbxc2 Bxc2 33.Rxc2 Rxc2 34.Bxc2 Qf7 
35.Qd2 Bb6 36.a4 Rc8 37.a5 Bd8 38.Bxd8 Rxd8 39.Qd4 Rc8 40.Bd3 a6 41.Ng4 
Rc1+ 42.Kg2 Qc7 43.Nf6+ Kf8 44.Qf4 1-0

[Event "XIII C.to Italiano U20"]
[Site "Bratto - Castione della Presolana ITA"]
[Date "2005.08.22"]
[Round "3"]
[White "Navarro, Stefano"]
[Black "Lain, Luigi"]
[Result "0-1"]
[WhiteElo "2209"]
[BlackElo "2254"]
[PlyCount "61"]
[EventDate "2005.08.20"]

1.e4 e5 2.Nf3 Nc6 3.c3 d5 4.Qa4 Qd6 5.Bb5 Bd7 6.exd5 Qxd5 7.O-O Bc5 8.d4 
exd4 9.cxd4 Bd6 10.Nc3 Qf5 11.d5 Nb8 12.Ne4 Ne7 13.Nxd6+ cxd6 14.Re1 Bxb5 
15.Qxb5+ Qd7 16.Qe2 Na6 17.Bg5 f6 18.Bf4 Nc7 19.Nd4 Kf7 20.Ne6 Ncxd5 21.
Bg3 g6 22.Rad1 Rhe8 23.Qc4 Rac8 24.Qb3 Qc6 25.h3 Qb6 26.Qf3 Qc6 27.Ng5+ 
Kg7 28.Ne4 Nf5 29.Bh2 Nb4 30.g4 Nc2 31.Rc1 0-1

[Event "XIII C.to Italiano U20"]
[Site "Bratto - Castione della Presolana ITA"]
[Date "2005.08.22"]
[Round "3"]
[White "Navarro, Tommaso"]
[Black "Ferrante, Marco"]
[Result "0-1"]
[WhiteElo "1805"]
[BlackElo "2113"]
[PlyCount "76"]
[EventDate "2005.08.20"]

1.e4 e6 2.d4 d5 3.exd5 exd5 4.Nf3 Bd6 5.Be3 Nf6 6.h3 O-O 7.Bd3 Ne4 8.c4 f5
9.Qc2 c6 10.cxd5 cxd5 11.Nc3 Nxc3 12.bxc3 Qe8 13.Kf1 Qh5 14.Be2 f4 15.Bd2 
Nc6 16.Nh2 Qf7 17.Bd3 g6 18.Ng4 Kg7 19.Re1 h5 20.Ne5 Bxe5 21.dxe5 f3 22.g3
Bf5 23.Bg5 Bxd3+ 24.Qxd3 Qe6 25.Bf6+ Kh7 26.g4 Rae8 27.Re3 Kh6 28.Ke1 d4 
29.gxh5 gxh5 30.Rg1 Rg8 31.Rxg8 Rxg8 32.Rxf3 Rg1+ 33.Ke2 Nxe5 34.Qd2+ Kh7 
35.Bxe5 Qxe5+ 36.Kd3 dxc3 37.Rf7+ Kg6 38.Qf4 Qd5+ 0-1

[Event "XIII C.to Italiano U20"]
[Site "Bratto - Castione della Presolana ITA"]
[Date "2005.08.22"]
[Round "3"]
[White "Oblak, Mitja"]
[Black "Fortino, Fabrizio"]
[Result "0-1"]
[WhiteElo "1688"]
[BlackElo "1965"]
[PlyCount "70"]
[EventDate "2005.08.20"]

1.d4 Nf6 2.c4 g6 3.Nc3 Bg7 4.e4 d6 5.f3 O-O 6.Bd3 c5 7.d5 h6 8.Nge2 e6 9.
Be3 exd5 10.cxd5 a6 11.Qd2 Kh7 12.a4 Nbd7 13.O-O Ne5 14.b3 Bd7 15.g4 Ne8 
16.Ng3 Nxd3 17.Qxd3 b5 18.Ra2 Rb8 19.axb5 axb5 20.Rff2 c4 21.bxc4 bxc4 22.
Qd2 Qf6 23.Nge2 Qe7 24.Bd4 Nf6 25.g5 hxg5 26.Qxg5 Rb7 27.f4 Re8 28.f5 Nxe4
29.fxg6+ fxg6 30.Nxe4 Qxe4 31.Rf4 Bxd4+ 32.Nxd4 Rb1+ 33.Rf1 Qxd4+ 34.Rf2 
Rxf1+ 35.Kxf1 Bh3+ 0-1

[Event "XIII C.to Italiano U20"]
[Site "Bratto - Castione della Presolana ITA"]
[Date "2005.08.22"]
[Round "3"]
[White "Perico', Alessandro"]
[Black "Fezzardi, Emanuele"]
[Result "0-1"]
[WhiteElo "1736"]
[BlackElo "1970"]
[PlyCount "56"]
[EventDate "2005.08.20"]

1.d4 d5 2.Nf3 Nf6 3.e3 e6 4.Bd3 Nbd7 5.O-O b6 6.b3 Bb7 7.Bb2 Bd6 8.Nbd2 
O-O 9.Ne5 c5 10.f4 Qc7 11.Nxd7 Nxd7 12.c4 cxd4 13.Bxd4 e5 14.fxe5 Nxe5 15.
Be2 dxc4 16.bxc4 Rad8 17.Rc1 Ng6 18.h3 Nh4 19.Nf3 Nf5 20.Ng5 Bh2+ 21.Kh1 
Ng3+ 22.Kxh2 Nxf1+ 23.Kg1 Qh2+ 24.Kxf1 Qxg2+ 25.Ke1 Qxg5 26.Qd3 Rfe8 27.
Kd2 Rxd4 28.Qxd4 Rd8 0-1

[Event "XIII C.to Italiano U20"]
[Site "Bratto - Castione della Presolana ITA"]
[Date "2005.08.22"]
[Round "3"]
[White "Reginato, Mauro"]
[Black "Parodi, Alessandro"]
[Result "0-1"]
[WhiteElo "1679"]
[BlackElo "1923"]
[PlyCount "49"]
[EventDate "2005.08.20"]

1.e4 d6 2.d4 Nf6 3.Nc3 g6 4.f4 Bg7 5.Nf3 O-O 6.Bd3 Nc6 7.Qe2 Bg4 8.Be3 e5 
9.fxe5 dxe5 10.d5 Nd4 11.Bxd4 exd4 12.Nb5 Nxd5 13.exd5 Re8 14.Be4 Bf5 15.
O-O-O Bxe4 16.Qc4 Bxd5 17.Qxc7 Bxf3 18.gxf3 a6 19.Qxd8 Raxd8 20.Na3 Re2 
21.Rd3 Rde8 22.c3 dxc3 23.bxc3 Rxa2 24.Nc2 Re2 25.Rd8+ 0-1

[Event "XIII C.to Italiano U20"]
[Site "Bratto - Castione della Presolana ITA"]
[Date "2005.08.22"]
[Round "3"]
[White "Romano, Zeno"]
[Black "Zermian, Federico"]
[Result "1-0"]
[WhiteElo "1860"]
[BlackElo "1500"]
[PlyCount "65"]
[EventDate "2005.08.20"]

1.e4 e5 2.Nf3 Nc6 3.Bc4 Bc5 4.c3 Nf6 5.d4 exd4 6.cxd4 Bb4+ 7.Bd2 Nxe4 8.
Bxb4 Nxb4 9.Bxf7+ Kxf7 10.Qb3+ Ke8 11.Qxb4 d6 12.O-O Ng5 13.Qb5+ Bd7 14.
Qxg5 Qxg5 15.Nxg5 h6 16.Re1+ Kf8 17.Ne6+ Bxe6 18.Rxe6 Kf7 19.Re1 Rhe8 20.
Nc3 Rxe1+ 21.Rxe1 Re8 22.Rxe8 Kxe8 23.f4 a6 24.Kf2 Kd7 25.Ke3 Ke6 26.Ke4 
c6 27.f5+ Kf6 28.Kf4 g5+ 29.fxg6 Kxg6 30.g4 h5 31.g5 c5 32.dxc5 dxc5 33.
Na4 1-0

[Event "XIII C.to Italiano U20"]
[Site "Bratto - Castione della Presolana ITA"]
[Date "2005.08.22"]
[Round "3"]
[White "Rombaldoni, Axel"]
[Black "Fratino, Lorenzo"]
[Result "1-0"]
[WhiteElo "2137"]
[BlackElo "1905"]
[PlyCount "45"]
[EventDate "2005.08.20"]

1.e4 d5 2.exd5 Nf6 3.Nf3 Nxd5 4.d4 g6 5.Be2 Bg7 6.O-O O-O 7.Nc3 c5 8.Nxd5 
Qxd5 9.c4 Qd6 10.dxc5 Qxc5 11.Qb3 Nc6 12.Be3 Nd4 13.Nxd4 Bxd4 14.Bxd4 Qxd4
15.Rad1 Qc5 16.Bf3 Rb8 17.h3 e5 18.Rfe1 Be6 19.Bd5 b5 20.Bxe6 fxe6 21.Qe3 
Qxc4 22.Qxe5 Qxa2 23.Rd7 1-0

[Event "XIII C.to Italiano U20"]
[Site "Bratto - Castione della Presolana ITA"]
[Date "2005.08.22"]
[Round "3"]
[White "Ronchetti, Niccolo'"]
[Black "Manconi, Antonio"]
[Result "1-0"]
[WhiteElo "2395"]
[BlackElo "1988"]
[PlyCount "59"]
[EventDate "2005.08.20"]

1.e4 c5 2.Nf3 Nc6 3.Bb5 g6 4.O-O Bg7 5.c3 Nf6 6.e5 Nd5 7.d4 cxd4 8.cxd4 
O-O 9.Nc3 Nxc3 10.bxc3 d5 11.exd6 Qxd6 12.a4 Bg4 13.h3 Bxf3 14.Qxf3 Rfc8 
15.Ba3 Qf6 16.Qe4 e6 17.Rab1 Qf5 18.Qe3 Na5 19.Bd3 Qd5 20.Rb5 Qa2 21.Bb4 
Nc4 22.Bxc4 Qxc4 23.Rxb7 a5 24.Qf3 f6 25.Be7 Qxc3 26.Bxf6 Bf8 27.Qf4 Qa3 
28.Be5 Be7 29.Qh6 Kf7 30.Qg7+ 1-0

[Event "XIII C.to Italiano U20"]
[Site "Bratto - Castione della Presolana ITA"]
[Date "2005.08.22"]
[Round "3"]
[White "Rorato, Giovanni Riccardo"]
[Black "Salafia, Andrea"]
[Result "1-0"]
[WhiteElo "1706"]
[BlackElo "1724"]
[PlyCount "113"]
[EventDate "2005.08.20"]

1.d4 Nf6 2.c4 g6 3.Nc3 Bg7 4.e4 d6 5.Nf3 O-O 6.Be2 e5 7.O-O Nc6 8.d5 Ne7 
9.Nd2 Ne8 10.b4 f5 11.c5 f4 12.Nc4 g5 13.Bg4 Bxg4 14.Qxg4 Ng6 15.cxd6 cxd6
16.Nb5 Kh8 17.Bd2 a6 18.Nc3 b5 19.Na5 Nf6 20.Qxg5 f3 21.g3 Qc8 22.Qf5 Qxf5
23.exf5 Ne7 24.Rfd1 Nxf5 25.a3 Nd4 26.Kf1 Rae8 27.Rac1 e4 28.Nb7 Nf5 29.g4
Re7 30.Na5 e3 31.fxe3 Nxe3+ 32.Bxe3 Rxe3 33.Nb7 Ne8 34.Nb1 f2 35.Kg2 Be5 
36.Rh1 Rg3+ 37.Kf1 Bd4 38.Ke2 Rg1 39.Rf1 Rf6 40.Nd2 Rxh1 41.Rxh1 Rf7 42.
Nd8 Re7+ 43.Ne6 Nc7 44.Kd3 Nxe6 45.dxe6 Bb6 46.Rf1 Rxe6 47.Ne4 Kg7 48.Nxf2
Rf6 49.Ke2 Rxf2+ 50.Rxf2 Bxf2 51.Kxf2 Kf6 52.Kf3 Ke5 53.Ke3 d5 54.h3 h6 
55.h4 d4+ 56.Kd3 Kf4 57.g5 1-0

[Event "XIII C.to Italiano U20"]
[Site "Bratto - Castione della Presolana ITA"]
[Date "2005.08.22"]
[Round "3"]
[White "Rostolis, Riccardo"]
[Black "De Nardi, Riccardo"]
[Result "0-1"]
[WhiteElo "1966"]
[BlackElo "1717"]
[PlyCount "66"]
[EventDate "2005.08.20"]

1.e4 c5 2.Nf3 d6 3.d4 cxd4 4.Nxd4 Nf6 5.Nc3 g6 6.Be3 Bg7 7.f3 O-O 8.Bc4 
Nc6 9.Qd2 Bd7 10.O-O-O Ne5 11.Bb3 Qa5 12.h4 Rfc8 13.g4 Nc4 14.Bxc4 Rxc4 
15.h5 Rac8 16.Nb3 Qa6 17.e5 Ne8 18.hxg6 fxg6 19.Qd5+ e6 20.Qa5 Bxe5 21.
Qxa6 bxa6 22.Bd2 d5 23.Rhe1 Bg7 24.Na5 R4c5 25.Nb3 R5c7 26.Na1 Kf7 27.Re2 
Bb5 28.Rh2 Kg8 29.Rdh1 Bd4 30.Nb3 Bh8 31.Rg2 Bc4 32.Bf4 Rf7 33.Be3 Bxb3 
0-1

[Event "XIII C.to Italiano U20"]
[Site "Bratto - Castione della Presolana ITA"]
[Date "2005.08.22"]
[Round "3"]
[White "Tomassini, Ubaldo"]
[Black "Bonagura, Stefano"]
[Result "0-1"]
[WhiteElo "1772"]
[BlackElo "2018"]
[PlyCount "74"]
[EventDate "2005.08.20"]

1.e4 d6 2.d4 Nf6 3.Nc3 c6 4.Nf3 Bg4 5.Be2 e6 6.O-O d5 7.Bg5 Be7 8.e5 Nfd7 
9.Bxe7 Qxe7 10.Nd2 Bxe2 11.Nxe2 O-O 12.f4 c5 13.c3 f6 14.Nf3 Nc6 15.Qd2 f5
16.Rac1 b5 17.b3 Nb6 18.Rc2 c4 19.Qc1 a5 20.Qb2 b4 21.Nd2 Rfc8 22.Nb1 a4 
23.cxb4 Nxb4 24.Rd2 a3 25.Qc3 cxb3 26.Qxb3 Nc4 27.Rfd1 Nxd2 28.Rxd2 Nc6 
29.Qd3 Qb4 30.Nbc3 Rab8 31.Kf2 Na5 32.Rc2 Nc4 33.h3 Qa5 34.g4 Nb2 35.Qd2 
g6 36.Kf3 Rc4 37.Ke3 Rbc8 0-1

[Event "XIII C.to Italiano U20"]
[Site "Bratto - Castione della Presolana ITA"]
[Date "2005.08.22"]
[Round "3"]
[White "Trazzi, Enrico"]
[Black "Ghedin, Emanuele"]
[Result "1/2-1/2"]
[WhiteElo "1670"]
[BlackElo "1572"]
[PlyCount "92"]
[EventDate "2005.08.20"]

1.c4 Nf6 2.Nc3 e6 3.Nf3 d5 4.e3 Bb4 5.Qc2 O-O 6.b3 c6 7.Bb2 Nbd7 8.d4 Ne4 
9.Bd3 Ndf6 10.O-O Bxc3 11.Bxc3 Nxc3 12.Qxc3 h6 13.Rfc1 Re8 14.b4 Bd7 15.c5
Qe7 16.a4 Reb8 17.b5 Qd8 18.Ne5 a6 19.b6 Qe7 20.Qc2 Re8 21.f4 Rf8 22.Kh1 
Be8 23.Rf1 Nd7 24.Nf3 Kh8 25.h3 f5 26.g4 g6 27.Rg1 Bf7 28.Rg3 Rg8 29.Rag1 
Raf8 30.Qh2 Qd8 31.h4 Qe7 32.gxf5 gxf5 33.Rxg8+ Rxg8 34.Rxg8+ Bxg8 35.Ne5 
Nxe5 36.fxe5 Qd8 37.Qf4 Kh7 38.Kh2 Bf7 39.Kh3 Bh5 40.Qf1 Bg4+ 41.Kg3 Qg8 
42.Kh2 Qa8 43.a5 Kh8 44.Qf4 Kh7 45.Qf1 Kh8 46.Qb1 Kh7 1/2-1/2

[Event "XIII C.to Italiano U20"]
[Site "Bratto - Castione della Presolana ITA"]
[Date "2005.08.22"]
[Round "3"]
[White "Truzzi, Stefano"]
[Black "Covolan, Stefano"]
[Result "1-0"]
[WhiteElo "1518"]
[BlackElo "1691"]
[PlyCount "71"]
[EventDate "2005.08.20"]

1.d4 Nf6 2.c4 g6 3.Nc3 Bg7 4.e3 d6 5.Bd3 O-O 6.Qc2 Ne8 7.Nge2 Nc6 8.O-O 
Nb4 9.Qd1 Nxd3 10.Qxd3 f5 11.f4 Nf6 12.b3 Nd7 13.Ba3 Re8 14.Rad1 Bf6 15.h3
e5 16.dxe5 dxe5 17.Nd5 e4 18.Nxf6+ Qxf6 19.Qd4 Qxd4 20.Rxd4 Nf6 21.Rfd1 
Be6 22.Bb2 Kf7 23.R4d2 b6 24.Be5 c5 25.Rd6 Ke7 26.Nc3 Nd7 27.Bg7 Rg8 28.
Bh6 Rac8 29.Bg5+ Nf6 30.Nb5 Kf7 31.a4 a6 32.Na7 Rc7 33.Nc6 h6 34.Bxh6 Nd7 
35.Bg5 Rcc8 36.Ne7 1-0

[Event "XIII C.to Italiano U20"]
[Site "Bratto - Castione della Presolana ITA"]
[Date "2005.08.22"]
[Round "3"]
[White "Valsecchi, Alessio"]
[Black "Bove, Alessandro"]
[Result "1-0"]
[WhiteElo "1945"]
[BlackElo "2137"]
[PlyCount "49"]
[EventDate "2005.08.20"]

1.e4 g6 2.d4 Bg7 3.Nc3 d6 4.Be3 Nd7 5.Qd2 a6 6.Nge2 b5 7.f3 Bb7 8.h4 h5 9.
O-O-O Rc8 10.g3 c5 11.Bh3 b4 12.Nd5 e6 13.Ndf4 e5 14.dxc5 exf4 15.Qxd6 
Ngf6 16.e5 Ng4 17.e6 Ndf6 18.fxg4 Qxd6 19.cxd6 fxe6 20.g5 Nd7 21.Nxf4 Bxh1
22.Nxe6 Be4 23.Nxg7+ Kf7 24.Rd2 Rcd8 25.Bd4 1-0

[Event "XIII C.to Italiano U20"]
[Site "Bratto - Castione della Presolana ITA"]
[Date "2005.08.23"]
[Round "4"]
[White "Amato, Andrea"]
[Black "Lapiccirella, Daniele"]
[Result "1-0"]
[WhiteElo "2286"]
[BlackElo "2120"]
[PlyCount "59"]
[EventDate "2005.08.20"]

1.e4 c5 2.Nf3 e6 3.c3 d5 4.exd5 Qxd5 5.d4 Nf6 6.Na3 Qd8 7.Nc2 Nc6 8.Bd3 
Be7 9.Qe2 O-O 10.O-O Qc7 11.Bg5 cxd4 12.Ncxd4 Bd7 13.Rad1 a6 14.Nxc6 Bxc6 
15.Ne5 Rfd8 16.f4 b5 17.f5 Bd5 18.Kh1 Bxa2 19.Bxf6 Bxf6 20.Ng4 Bg5 21.f6 
g6 22.h4 Bf4 23.h5 e5 24.hxg6 fxg6 25.g3 Bxg3 26.Nh6+ Kf8 27.Be4 Bc4 28.
Qg4 Bxf1 29.Qe6 Bc4 30.Bd5 1-0

[Event "XIII C.to Italiano U20"]
[Site "Bratto - Castione della Presolana ITA"]
[Date "2005.08.23"]
[Round "4"]
[White "Andreoni, Giuseppe"]
[Black "Perico', Alessandro"]
[Result "1/2-1/2"]
[WhiteElo "1983"]
[BlackElo "1736"]
[PlyCount "66"]
[EventDate "2005.08.20"]

1.d4 Nf6 2.Nf3 d5 3.Bf4 e6 4.e3 Bd6 5.Bg5 O-O 6.Bd3 Nbd7 7.Nbd2 c5 8.c3 
Qc7 9.Bxf6 Nxf6 10.g4 Nxg4 11.Bxh7+ Kh8 12.Rg1 Nf6 13.Bc2 e5 14.dxe5 Bxe5 
15.Nxe5 Qxe5 16.Qf3 d4 17.Qg2 Rg8 18.Nf3 Qe7 19.Qg5 g6 20.Qh6+ Nh7 21.cxd4
cxd4 22.O-O-O dxe3 23.fxe3 Bf5 24.Bxf5 gxf5 25.Rxg8+ Rxg8 26.Qf4 Rc8+ 27.
Kb1 Qe4+ 28.Qxe4 fxe4 29.Nd2 Rd8 30.Kc2 f5 31.Rf1 Rd5 32.Nb3 Kg7 33.Nd4 
Kf6 1/2-1/2

[Event "XIII C.to Italiano U20"]
[Site "Bratto - Castione della Presolana ITA"]
[Date "2005.08.23"]
[Round "4"]
[White "Bevilacqua, Andrea"]
[Black "Napoli, Nicolo'"]
[Result "0-1"]
[WhiteElo "1978"]
[BlackElo "2225"]
[PlyCount "88"]
[EventDate "2005.08.20"]

1.e4 g6 2.d4 Bg7 3.f4 d6 4.Nf3 a6 5.Be2 c5 6.c3 cxd4 7.cxd4 d5 8.e5 Nh6 9.
Nc3 Nc6 10.Qb3 Nf5 11.Qxd5 Be6 12.Qxd8+ Rxd8 13.O-O Ncxd4 14.Nxd4 Nxd4 15.
Be3 Nxe2+ 16.Nxe2 Bc4 17.Rfe1 f6 18.exf6 Bxf6 19.Nc3 O-O 20.Red1 b5 21.a3 
a5 22.Rab1 b4 23.Rxd8 Rxd8 24.axb4 axb4 25.Ne4 Bd4 26.Kf2 Bxe3+ 27.Kxe3 
Rd3+ 28.Ke2 Bb5 29.Nf2 Rg3+ 30.Kd2 Rxg2 31.Ke3 Rxh2 32.b3 Rg2 33.Ne4 Re2+ 
34.Kd4 Kg7 35.Rc1 Rb2 36.Nc5 h6 37.Rg1 Kf6 38.Ke4 Rc2 39.Kd4 Kf5 40.Re1 
Re2 41.Rg1 g5 42.fxg5 e5+ 43.Kd5 Rd2+ 44.Nd3 hxg5 0-1

[Event "XIII C.to Italiano U20"]
[Site "Bratto - Castione della Presolana ITA"]
[Date "2005.08.23"]
[Round "4"]
[White "Bonagura, Stefano"]
[Black "Rorato, Giovanni Riccardo"]
[Result "1/2-1/2"]
[WhiteElo "2018"]
[BlackElo "1706"]
[PlyCount "178"]
[EventDate "2005.08.20"]

1.d4 Nf6 2.c4 g6 3.Nc3 Bg7 4.e4 d6 5.Nf3 O-O 6.Be2 e5 7.O-O Nc6 8.d5 Ne7 
9.Ne1 Ne8 10.Be3 f5 11.f3 f4 12.Bf2 g5 13.a4 Ng6 14.a5 Rf7 15.c5 Bf8 16.
Nd3 h5 17.b4 Rg7 18.Rc1 g4 19.Kh1 Qg5 20.Qd2 Qf6 21.cxd6 cxd6 22.Nb5 a6 
23.Na3 Nh4 24.Ne1 g3 25.Bg1 Qg6 26.Rxc8 Rxc8 27.h3 Rgc7 28.b5 axb5 29.Nxb5
Rc1 30.Qb2 Qf7 31.Bd3 Qd7 32.Na7 R8c3 33.Bb5 Qd8 34.Bb6 Qb8 35.Kg1 Nc7 36.
Ba4 Na6 37.Bc2 R3xc2 38.Nxc2 Rxf1+ 39.Kxf1 Qe8 40.Qb5 Kf7 41.Qxe8+ Kxe8 
42.Nb5 Kd7 43.Nca3 Be7 44.Nc4 Ng6 45.Ba7 Nh8 46.Nb6+ Kd8 47.Na8 Nf7 48.
Bb6+ Kd7 49.Nac7 Nd8 50.Nxa6 bxa6 51.Nc7 Nb7 52.Nxa6 Bd8 53.Nb8+ Kc8 54.
Nc6 Bxb6 55.axb6 Nc5 56.Ne7+ Kb7 57.Nf5 Kxb6 58.Nxd6 Nd7 59.Ne8 Kc5 60.Ke2
Kb5 61.Ng7 Nf6 62.Kd3 Kc5 63.Ne6+ Kd6 64.Ng5 Kc5 65.Kc3 Kb5 66.Kb3 Kc5 67.
Kc3 Kb5 68.Kd3 Kc5 69.h4 Kb5 70.d6 Kc6 71.Nf7 Nd7 72.Kc4 Nb6+ 73.Kb4 Nd7 
74.Kb3 Kc5 75.Kc3 Kb5 76.Nh6 Kc6 77.Nf5 Nf6 78.Kc4 Nd7 79.Kb4 Nf6 80.Ka5 
Nd7 81.Kb4 Nf6 82.Kc4 Nd7 83.Ng7 Nf6 84.d7 Kxd7 85.Kc5 Nxe4+ 86.Kd5 Nd2 
87.Kxe5 Nxf3+ 88.Kxf4 Nxh4 89.Kxg3 Nxg2 1/2-1/2

[Event "XIII C.to Italiano U20"]
[Site "Bratto - Castione della Presolana ITA"]
[Date "2005.08.23"]
[Round "4"]
[White "Borsato, Federico"]
[Black "Truzzi, Stefano"]
[Result "1-0"]
[WhiteElo "1811"]
[BlackElo "1518"]
[PlyCount "57"]
[EventDate "2005.08.20"]

1.e4 d6 2.d4 Nf6 3.Nc3 c6 4.Bc4 Qc7 5.Bg5 Nbd7 6.Nge2 e5 7.O-O Be7 8.Bb3 
O-O 9.f4 exd4 10.Nxd4 a6 11.Nf5 Nc5 12.Nxe7+ Qxe7 13.Re1 Ncd7 14.Qd4 c5 
15.Qe3 Re8 16.Rad1 b5 17.Nd5 Qd8 18.c4 Bb7 19.Qf3 h6 20.Bh4 Bxd5 21.Rxd5 
Qb6 22.Rd2 Re6 23.e5 dxe5 24.Qxa8+ Re8 25.Qf3 e4 26.Qd1 Nb8 27.Rd6 Qa7 28.
Bxf6 gxf6 29.Rd8 1-0

[Event "XIII C.to Italiano U20"]
[Site "Bratto - Castione della Presolana ITA"]
[Date "2005.08.23"]
[Round "4"]
[White "Bosi, Clint"]
[Black "Stips, Felix"]
[Result "1-0"]
[WhiteElo "2025"]
[BlackElo "1650"]
[PlyCount "78"]
[EventDate "2005.08.20"]

1.e4 c5 2.f4 Nc6 3.Nf3 g6 4.Nc3 Bg7 5.b3 d6 6.Bb2 Bg4 7.Be2 Bxf3 8.Bxf3 
Nd4 9.O-O e6 10.Rb1 Ne7 11.Ne2 Nec6 12.c3 Nxe2+ 13.Qxe2 Qb6 14.Kh1 O-O-O 
15.b4 cxb4 16.cxb4 Bxb2 17.Rxb2 Nd4 18.Qd3 Kb8 19.f5 e5 20.Qc4 d5 21.exd5 
gxf5 22.Qc5 Qf6 23.Rbb1 Rc8 24.Qa5 Rc2 25.b5 Rhc8 26.b6 axb6 27.Rxb6 Rc1 
28.Rxb7+ Kxb7 29.d6+ e4 30.Qb4+ Ka6 31.Qa3+ Kb6 32.Rxc1 Rxc1+ 33.Qxc1 Qxd6
34.Bh5 f6 35.Qb2+ Kc6 36.Qc3+ Kd7 37.Qc4 Ne6 38.Bf7 Nc5 39.Qb5+ Ke7 1-0

[Event "XIII C.to Italiano U20"]
[Site "Bratto - Castione della Presolana ITA"]
[Date "2005.08.23"]
[Round "4"]
[White "Bove, Alessandro"]
[Black "Pomaro, Alberto"]
[Result "1-0"]
[WhiteElo "2137"]
[BlackElo "1943"]
[PlyCount "43"]
[EventDate "2005.08.20"]

1.e4 e6 2.d4 d5 3.e5 c5 4.c3 Nc6 5.Nf3 Qb6 6.a3 c4 7.g3 Bd7 8.Bh3 O-O-O 9.
O-O Na5 10.Nbd2 Ne7 11.Ng5 Be8 12.Qf3 Rd7 13.Nxf7 Bxf7 14.Qxf7 Nf5 15.Qe8+
Rd8 16.Qa4 g6 17.b4 Nc6 18.Nf3 Be7 19.Bxf5 gxf5 20.Bg5 Bxg5 21.Nxg5 Rde8 
22.Nf7 1-0

[Event "XIII C.to Italiano U20"]
[Site "Bratto - Castione della Presolana ITA"]
[Date "2005.08.23"]
[Round "4"]
[White "Braschi, Giancarlo"]
[Black "Gatterer, Matthias"]
[Result "1/2-1/2"]
[WhiteElo "2201"]
[BlackElo "1917"]
[PlyCount "81"]
[EventDate "2005.08.20"]

1.d4 d5 2.c4 e6 3.Nc3 Nf6 4.Bg5 Nbd7 5.cxd5 exd5 6.e3 c6 7.Bd3 Be7 8.Qc2 
O-O 9.Nge2 Re8 10.O-O Nf8 11.f3 Ng6 12.Rfe1 Be6 13.Rad1 Rc8 14.Kh1 a6 15.
Ng3 Nd7 16.Bxe7 Qxe7 17.Nf5 Bxf5 18.Bxf5 Rcd8 19.e4 dxe4 20.fxe4 Nh4 21.
Bxd7 Rxd7 22.Qf2 Ng6 23.e5 c5 24.e6 fxe6 25.dxc5 Red8 26.Rxd7 Qxd7 27.Qe2 
e5 28.Rd1 Qe7 29.Ne4 Rxd1+ 30.Qxd1 Qe6 31.b3 h6 32.Nd6 e4 33.Qe2 e3 34.Nc4
Qd5 35.b4 Qd4 36.Nxe3 Qxb4 37.Qc4+ Qxc4 38.Nxc4 Kf7 39.Nd6+ Ke6 40.Nxb7 
Kd5 41.g4 1/2-1/2